| 000 | 01362cam a2200265 4500500 | ||
|---|---|---|---|
| 005 | 20251228055909.0 | ||
| 041 | _afre | ||
| 042 | _adc | ||
| 100 | 1 | 0 |
_aRivière, Christelle _eauthor |
| 245 | 0 | 0 | _aFamille d’accueil monoparentale |
| 260 | _c2021. | ||
| 500 | _a86 | ||
| 520 | _aÊtre femme solo en tant qu’assistante familiale auprès des mna (mineurs non accompagnés) ou mère dans une famille monoparentale requiert les mêmes aptitudes. Il y a des constantes, comme ne jamais baisser le front, mais également des variants tels que les acceptabilités ; psychologiquement et physiquement, on se doit d’être un minimum résistant ! | ||
| 520 | _aBeing a single foster mother to an unaccompanied minor ( uam) and being a single mother require the same skills. There are some constants, such as never giving up, but also some differences, such as what is considered acceptable: both mentally and physically, you have to be resilient to say the least! | ||
| 690 | _aécoute | ||
| 690 | _amineur non accompagné | ||
| 690 | _apartage | ||
| 690 | _aprofession | ||
| 690 | _alistening | ||
| 690 | _aprofession | ||
| 690 | _asharing | ||
| 690 | _aunaccompanied minor | ||
| 786 | 0 | _nEmpan | 122 | 2 | 2021-06-11 | p. 66-70 | 1152-3336 | |
| 856 | 4 | 1 | _uhttps://shs.cairn.info/revue-empan-2021-2-page-66?lang=fr&redirect-ssocas=7080 |
| 999 |
_c1586652 _d1586652 |
||